Deutsche Nummer-1-Hits mit F - Statistiken

Allgemein
  • Dieses Quiz wurde 67 mal gespielt
  • Das Durchschnittsergebnis liegt bei 6 aus 18
Antwortstatistiken
Jahr Textzeile Titel % Korrekt
2003 __ ___ schiebe ich die Wolken weiter Für Dich
80%
2023 Ja, Ostfriesland ist ein schönes Land, wie die Schweiz und Österreich Friesenjung
70%
2023 I can buy myself _____, write my name in the sand, talk to myself for hours Flowers
67%
2018 You say you love me, I say you're crazy, we're nothing more than _____ Friends
67%
1998 Gib mir mein, gib mir mein Herz zurück, du brauchst meine Liebe nicht Flugzeuge im Bauch
61%
2008 Time is waiting, we only got _ ______ to save the world 4 Minutes
44%
1976 Can you hear the drums, _______? Fernando
37%
2000 _______, rock the microphone, straight from the top of my dome Freestyler
31%
2005 Hey, what you lookin′ for? No one has the answer, they just want more First Day of My Life
30%
2016 The monster's running wild inside of me, I'm ____ Faded
22%
1986 We're heading for Venus, and still we stand tall Final Countdown
20%
2001 _____ __, everything is alright, I'll be the one to tuck you in at night Follow Me
20%
2004 F**k what I said, it don't mean shit now, f**k the presents, might as well throw 'em out F**k It (I Don’t Want You Back)
19%
1980 Gotta make a move to a town that's right for me Funkytown
17%
2020 Die Rapszene ist nur ein Affenzirkus, in dem kleine Kinder gern mit Waffen hantieren Fame
15%
1981 One man on a lonely platform, one case sitting by his side Fade to Grey
13%
1975 ___ __ ___ ___, you scream and everybody comes a-running Fox on the Run
13%
2001 So don't make her blue when she writes to you, ___ ____ ___ ___ From Sarah With Love
13%
Keine übereinstimmenden Quizze gefunden
Verteilung der Resultate
Anzahl Personen mit jedem Resultat
Perzentil nach korrekt beantworteten Fragen
Ihre Resultats-Entwicklung
Sie haben dieses Quiz noch nicht gespielt